| 000 | 00460nam a2200145Ia 4500 | ||
|---|---|---|---|
| 008 | 230917s9999||||xx |||||||||||||| ||und|| | ||
| 040 |
_e168693 _aMAIN |
||
| 041 | _aEnglish | ||
| 082 | _a891.43301731 SS23U | ||
| 100 | _aशर्मा, क्षितिज | ||
| 245 | 0 | _aउतरांचल की कहानियां | |
| 260 |
_aदिल्ली _bपूर्वाचल प्रकाशन _c1998 |
||
| 300 | _a149 पृ. p. | ||
| 942 | _cHN | ||
| 999 |
_c92077 _d92077 |
||